| Tag |
First Indicator |
Second Indicator |
Subfields |
| LEADER |
00000cam a2200000 i 4500 |
| 001 |
in00000264591 |
| 005 |
20151010054219.0 |
| 008 |
790208s1978 inu b 00010 eng |
| 010 |
|
|
|a 78067103
|
| 020 |
|
|
|a 0915144549
|
| 035 |
|
|
|a (OCoLC)04754357
|
| 035 |
|
|
|9 ABC7135AM
|
| 040 |
|
|
|a DLC
|c DLC
|d TXA
|d UtOrBLW
|
| 049 |
|
|
|a TXAM
|c [1420231]
|
| 050 |
0 |
0 |
|a PR6025.U6
|b Z8
|
| 082 |
0 |
|
|a 821/.9/12
|
| 100 |
1 |
|
|a Phillips, Michael Joseph.
|
| 245 |
1 |
0 |
|a Edwin Muir :
|b a master of modern poetry /
|c Michael J. Phillips.
|
| 264 |
|
1 |
|a Indianapolis :
|b Hackett Pub. Co.,
|c [1978]
|
| 264 |
|
4 |
|c ©1978
|
| 300 |
|
|
|a 161 pages ;
|c 24 cm.
|
| 336 |
|
|
|a text
|b txt
|2 rdacontent
|
| 337 |
|
|
|a unmediated
|b n
|2 rdamedia
|
| 338 |
|
|
|a volume
|b nc
|2 rdacarrier
|
| 504 |
|
|
|a Bibliography: pages 160-161.
|
| 600 |
1 |
0 |
|a Muir, Edwin,
|d 1887-1959
|x Criticism and interpretation.
|
| 999 |
|
|
|a MARS
|
| 999 |
f |
f |
|s be2ac7c7-2516-3206-9d1b-5d2b092912ee
|i 4065cc1d-93e9-3cdf-b411-a5d01a585ab1
|t 0
|
| 952 |
f |
f |
|p normal
|a Texas A&M University
|b College Station
|c Sterling C. Evans Library
|d Evans: Library Stacks
|t 0
|e PR6025.U6 Z8
|h Library of Congress classification
|i unmediated -- volume
|m A14804006657
|
| 998 |
f |
f |
|a PR6025.U6 Z8
|t 0
|l Evans: Library Stacks
|